| 000 | 00616cam a2200229ua 4500 | ||
|---|---|---|---|
| 020 |
_a81 203 0048 3 _c69.00 |
||
| 041 |
_aeng _h |
||
| 082 |
_a005.262 _bMCC/NU |
||
| 100 | _aMccormick, John M . | ||
| 245 |
_aNumerical methods in FORTRAN / _cJohn M Mccromick. _hTextual Documents |
||
| 250 |
_a1 / _b. |
||
| 260 |
_aNew Delhi : _bPrentice Hall of India Pvt Ltd. , _c1995. |
||
| 300 | _a324 ; . | ||
| 365 | _a69.00 | ||
| 500 | _a18943, 18944, 18945 CSS | ||
| 504 | _a | ||
| 700 | 1 | _aSalvadori, Mario G . | |
| 942 | _cBK | ||
| 999 |
_c10914 _d10914 |
||